| 000 | 01185nam a22003017a 4500 | ||
|---|---|---|---|
| 001 | BD-DhSAU 9032 | ||
| 003 | BD-DhSAU | ||
| 005 | 20190102114659.0 | ||
| 008 | 150612b2017 bg a||||r|||| 000 0 eng d | ||
| 040 | _aBD-DhSAU | ||
| 082 |
_222 _a631.4 _bH7949 |
||
| 100 |
_aHossain , Md. Safayet _4Registration No: 11-04568 |
||
| 245 |
_aEffect of different doses of Arsenic and Water management on growth and yield of BRRI Dhan36/ _cHossain , Md. Safayet _bMs Thesis |
||
| 260 |
_aSher-e- Bangla Agricultural University : _bDepartment of Soil science, _c2017. |
||
| 300 |
_aix , 67 p. : _bill. , _c30 cm. |
||
| 500 | _aMS thesis of Department of Soil Science, Faculty of Agriculture, Sher-e-Bangla Agricultural University, Dhaka, Bangladesh | ||
| 504 | _aIncludes bibliographical references. | ||
| 590 | _aShofi | ||
| 650 | _aSoil Science | ||
| 650 | _aEffect | ||
| 650 | _aArsenic | ||
| 650 | _aWater management | ||
| 650 | _a BRRI Dhan36 | ||
| 700 |
_a Hossain , Mohammad Mosharraf _eSupervisor |
||
| 700 |
_aChowdhury , Saikat _eCo-Supervisor |
||
| 856 |
_uhttp://archive.saulibrary.edu.bd:8080/xmlui/handle/123456789/2022 _yOnline Access |
||
| 942 |
_2ddc _cTHESIS |
||
| 999 |
_c14500 _d14499 |
||